000 00297nam a22001337a 4500
008 171021b xxu||||| |||| 00| 0 eng d
020 _a9780971942431
041 _aeng
080 _a658
100 _a54
101 _aLID
245 _aMONDAY MORNING LEADERSHIP
_cCOTTRELL, D
942 _2udc
_cBK
999 _c35302
_d35302